I percorsi dell'altrimenti
| Main Author: | |
|---|---|
| Format: | Print Review |
| Language: | Italian |
| Check availability: | HBZ Gateway |
| Interlibrary Loan: | Interlibrary Loan for the Fachinformationsdienste (Specialized Information Services in Germany) |
| Published: |
2001
|
| In: |
Aquinas
Year: 2001, Volume: 44, Issue: 2/3, Pages: 523-533 |
| Review of: | Frammenti di lettura / Daniella Iannotta (Patriarca, Sabrina) |
| RelBib Classification: | VB Hermeneutics; Philosophy |
| Further subjects: | B
Book review
B Ricœur, Paul (1913-2005) B Cognition theory |
MARC
| LEADER | 00000caa a22000002c 4500 | ||
|---|---|---|---|
| 001 | 1643079352 | ||
| 003 | DE-627 | ||
| 005 | 20220616114529.0 | ||
| 007 | tu | ||
| 008 | 160405s2001 xx ||||| o 00| ||ita c | ||
| 035 | |a (DE-627)1643079352 | ||
| 035 | |a (DE-576)465616461 | ||
| 035 | |a (DE-599)BSZ465616461 | ||
| 040 | |a DE-627 |b ger |c DE-627 |e rakwb | ||
| 041 | |a ita | ||
| 084 | |a 1 |2 ssgn | ||
| 100 | 1 | |a Patriarca, Sabrina |4 aut | |
| 245 | 1 | 2 | |a I percorsi dell'altrimenti |
| 264 | 1 | |c 2001 | |
| 336 | |a Text |b txt |2 rdacontent | ||
| 337 | |a ohne Hilfsmittel zu benutzen |b n |2 rdamedia | ||
| 338 | |a Band |b nc |2 rdacarrier | ||
| 600 | 1 | 7 | |0 (DE-588)118600613 |0 (DE-627)079392563 |0 (DE-576)162723253 |a Ricœur, Paul |d 1913-2005 |2 gnd |
| 650 | 0 | 7 | |0 (DE-588)4070914-0 |0 (DE-627)106099086 |0 (DE-576)209182261 |a Erkenntnistheorie |2 gnd |
| 652 | |a VB | ||
| 655 | 7 | |a Rezension |0 (DE-588)4049712-4 |0 (DE-627)106186019 |0 (DE-576)209083166 |2 gnd-content | |
| 773 | 0 | 8 | |i In |t Aquinas |d Citta del Vaticano : Lateran Univ. Press, 1958 |g 44(2001), 2/3, Seite 523-533 |w (DE-627)129887986 |w (DE-600)301534-8 |w (DE-576)015189961 |x 0003-7362 |7 nnas |
| 773 | 1 | 8 | |g volume:44 |g year:2001 |g number:2/3 |g pages:523-533 |
| 787 | 0 | 8 | |i Rezension von |a Frammenti di lettura / Daniella Iannotta |
| 935 | |a mteo | ||
| 951 | |a AR | ||
| ELC | |b 1 | ||
| ITA | |a 1 |t 1 | ||
| LOK | |0 000 xxxxxcx a22 zn 4500 | ||
| LOK | |0 001 3307847007 | ||
| LOK | |0 003 DE-627 | ||
| LOK | |0 004 1643079352 | ||
| LOK | |0 005 20160405132232 | ||
| LOK | |0 008 160404||||||||||||||||ger||||||| | ||
| LOK | |0 040 |a DE-Tue135 |c DE-627 |d DE-Tue135 | ||
| LOK | |0 092 |o n | ||
| LOK | |0 852 |a DE-Tue135 | ||
| LOK | |0 852 1 |9 00 | ||
| LOK | |0 935 |a ixzs |a ixmi | ||
| LOK | |0 936ln |0 144205381X |a VB | ||
| LOK | |0 939 |a 04-04-16 |b l01 | ||
| ORI | |a SA-MARC-ixtheoa001.raw | ||
| REL | |a 1 | ||
| STA | 0 | 0 | |a Cognition theory,Epistemology,Theory of knowledge,Knowledge |
| STB | 0 | 0 | |a Épistémologie,Théorie de la connaissance |
| STC | 0 | 0 | |a Epistemología |
| STD | 0 | 0 | |a Epistemologia,Teoria epistemiologica,Teoria epistemiologica |
| STE | 0 | 0 | |a 知识论,认识论 |
| STF | 0 | 0 | |a 知識論,認識論 |
| STG | 0 | 0 | |a Epistemologia |
| STH | 0 | 0 | |a Теория познания |
| STI | 0 | 0 | |a Γνωσιολογία,Γνωσιοθεωρία,Επιστημολογία |
| SUB | |a REL | ||
| SYA | 0 | 0 | |a Ricoeur, Paul,1913-2005,Ricoeur, P.,1913-2005,Rikër, Pol',1913-2005,Lü-ko-erh,1913-2005,Li-k'o, Pao-lo,1913-2005,Ricoeurs, Paul,1913-2005,Ricœr, Paul,1913-2005,ريكور، بول,1913-2005 |
| SYE | 0 | 0 | |a Epistemologie,Epistologie,Erkenntnisphilosophie,Gnoseologie,Epistemologie,Epistologie,Erkenntnislehre,Erkenntnisphilosophie,Gnoseologie |



